Making sense of coaching
Bewaard in:
| Hoofdauteur: | |
|---|---|
| Formaat: | Boek |
| Taal: | Engels |
| Gepubliceerd in: |
SAGE
2014
|
| Tags: |
Voeg label toe
Geen labels, Wees de eerste die dit record labelt!
|
MARC
| LEADER | 00000nam a22000007a 4500 | ||
|---|---|---|---|
| 008 | 201222b ||||| |||| 00| 0 eng d | ||
| 020 | |a 978-0-85702-561-6 | ||
| 100 | |a DU TOIT, Angelique | ||
| 245 | |a Making sense of coaching |c Angelique Du Toit |g vii, 186p., ill. | ||
| 260 | |b SAGE |c 2014 |h Los Angeles |i 692098 |i 692099 |l HE5549.5 .C53D85 |m Employees – Coaching of |m Business and management | ||
| 500 | |a “It includes bibliographical references and index”. | ||
| 942 | |a lcc |c BK |e O.A.JOHNSON |f 22/12/20 | ||
| 952 | |0 0 |1 0 |2 lcc |4 0 |6 HE55495 C53 D85 |7 0 |9 1157 |a HOL |b MPL |c GJ |d 2020-12-22 |l 0 |o HE5549.5 .C53D85 |p 2020-230363 |r 2020-12-22 00:00:00 |w 2020-12-22 |y BK | ||
| 952 | |0 0 |1 0 |2 lcc |4 0 |6 HE55495 C53 D85 |7 0 |9 1158 |a HOL |b HOL |c GJ |d 2020-12-22 |l 0 |o HE5549.5 .C53D85 |p 2020-230364 |r 2020-12-22 00:00:00 |w 2020-12-22 |y BK | ||
| 999 | |c 605 |d 605 | ||